[Event "XXIV Corsicoscacchi Magistrale"]
[Site "Corsico ITA"]
[Date "2002.04.??"]
[Round "5"]
[White "Sartorio, Diego"]
[Black "Podini, Francesco"]
[Result "0-1"]
[WhiteElo "2050"]
[BlackElo "2055"]
[PlyCount "55"]
[EventDate "2002.04.25"]

1. e4 c5 2. c3 d6 3. d4 Nf6 4. dxc5 Nc6 5. f3 d5 6. exd5 Qxd5 7. Qxd5 Nxd5 8.
Bc4 e6 9. Bxd5 exd5 10. Be3 Ne5 11. b3 Nd3+ 12. Kd2 Nxc5 13. Ne2 Bd6 14. Nd4
Bd7 15. Na3 a6 16. Nac2 Ne6 17. g3 Nxd4 18. Nxd4 O-O 19. Rhe1 Rac8 20. Bf2 b5
21. Rac1 Rc7 22. Kd3 Rfc8 23. Red1 h5 24. h4 g6 25. Rc2 a5 26. Rdc1 a4 27. Rd2
b4 28. cxb4 0-1

[Event "XXIV Corsicoscacchi Magistrale"]
[Site "Corsico ITA"]
[Date "2002.04.??"]
[Round "5"]
[White "Sbarra, Marco"]
[Black "Damia, Angelo"]
[Result "1/2-1/2"]
[WhiteElo "2240"]
[BlackElo "1771"]
[PlyCount "68"]
[EventDate "2002.04.25"]

1. e4 c5 2. Nf3 a6 3. c3 d6 4. d4 cxd4 5. cxd4 g6 6. Nc3 Bg7 7. Be2 Nc6 8. O-O
Nf6 9. d5 Ne5 10. Nxe5 dxe5 11. Be3 O-O 12. Qb3 b5 13. a4 Rb8 14. axb5 axb5 15.
Qb4 Bd7 16. Ra5 Ne8 17. Bc5 Nd6 18. Rfa1 f5 19. Bxd6 exd6 20. Bxb5 fxe4 21.
Nxe4 Qh4 22. f3 Bf5 23. Qe1 Qf4 24. Qe2 Bxe4 25. fxe4 Bh6 26. R5a3 Qd2 27. Qxd2
Bxd2 28. Bd7 Rxb2 29. Be6+ Kg7 30. Rf1 Rxf1+ 31. Kxf1 h5 32. Ra7+ Kh6 33. Rd7
Bb4 34. h4 Bc5 1/2-1/2

[Event "XXIV Corsicoscacchi Magistrale"]
[Site "Corsico ITA"]
[Date "2002.04.??"]
[Round "5"]
[White "Ubezio, Marco"]
[Black "Mazzini, Antonio"]
[Result "1-0"]
[WhiteElo "2189"]
[BlackElo "2134"]
[PlyCount "58"]
[EventDate "2002.04.25"]

1. d4 g6 2. e4 Bg7 3. c3 d6 4. Bc4 Nf6 5. Qe2 c6 6. Nd2 Nbd7 7. Ngf3 O-O 8. e5
dxe5 9. dxe5 Ng4 10. e6 Nde5 11. exf7+ Nxf7 12. h3 Ngh6 13. Ne5 Qd6 14. Ndf3
Be6 15. Bxh6 Bxh6 16. Rd1 Bd5 17. Bb3 e6 18. Nxf7 Rxf7 19. Ne5 Rf5 20. Ng4 Qf4
21. Bxd5 exd5 22. g3 Qg5 23. h4 Qh5 24. Nf6+ Rxf6 25. g4 Rff8 26. gxh5 Rae8 27.
hxg6 hxg6 28. Qxe8 Rxe8+ 29. Kf1 Bf4 1-0

[Event "XXIV Corsicoscacchi Magistrale"]
[Site "Corsico ITA"]
[Date "2002.04.??"]
[Round "5"]
[White "Zanetti, Alberto"]
[Black "Bertazzo, Giorgio"]
[Result "1-0"]
[WhiteElo "2007"]
[BlackElo "2139"]
[PlyCount "125"]
[EventDate "2002.04.25"]

1. d4 Nf6 2. Nf3 c5 3. e3 e6 4. Bd3 b6 5. Nbd2 Bb7 6. O-O Be7 7. Qe2 O-O 8. c3
d5 9. Ne5 Nbd7 10. Ndf3 Qc7 11. Bd2 Bd6 12. Nxd7 Nxd7 13. e4 dxe4 14. Bxe4 Bxe4
15. Qxe4 Nf6 16. Qh4 Be7 17. Bf4 Qb7 18. Be5 Rac8 19. Rfe1 cxd4 20. Bxd4 Ne8
21. Qh3 Bf6 22. Ne5 Nd6 23. f4 Nf5 24. Bf2 Rfd8 25. g4 Nd6 26. Re2 Nc4 27. Bd4
Nxe5 28. fxe5 Be7 29. Rf1 Bc5 30. Bxc5 Rxc5 31. Qf3 Qxf3 32. Rxf3 h6 33. Kf2
Rcd5 34. Rfe3 Kf8 35. Kf3 Rd1 36. Re1 R1d2 37. R1e2 R2d5 38. h3 R8d7 39. Ke4
Ke8 40. a3 Rd1 41. Rf2 R7d5 42. a4 Ra5 43. b3 Rdd5 44. c4 Rxe5+ 45. Kd4 Rxe3
46. Kxe3 Rc5 47. Kd4 h5 48. b4 Rg5 49. gxh5 Rxh5 50. Rf3 Ke7 51. a5 Rh7 52. Kc3
bxa5 53. bxa5 Rh5 54. Kb4 a6 55. Rd3 Re5 56. c5 Rd5 57. Rg3 g5 58. Kc4 f6 59.
Rb3 f5 60. Rb7+ Kf6 61. c6 Ke5 62. c7 Rd1 63. Rb3 1-0

[Event "XXIV Corsicoscacchi Magistrale"]
[Site "Corsico ITA"]
[Date "2002.04.??"]
[Round "6"]
[White "Astengo, Corrado"]
[Black "Stefanetti, Marco"]
[Result "1-0"]
[WhiteElo "2180"]
[BlackElo "1873"]
[PlyCount "87"]
[EventDate "2002.04.25"]

1. e4 c6 2. d4 d5 3. Nd2 dxe4 4. Nxe4 Bf5 5. Ng3 Bg6 6. h4 h6 7. Nf3 Nd7 8. h5
Bh7 9. Bd3 Bxd3 10. Qxd3 Qc7 11. Bd2 Ngf6 12. c4 e6 13. Qe2 O-O-O 14. O-O-O c5
15. Ne5 Nb6 16. Bf4 Bd6 17. dxc5 Bxe5 18. Qxe5 Qxe5 19. Bxe5 Nxc4 20. Bxf6 gxf6
21. b3 Ne5 22. Ne4 Kc7 23. Nd6 Rd7 24. f4 Nc6 25. Nb5+ Kc8 26. Rxd7 Kxd7 27.
Nd6 b6 28. Nxf7 Rh7 29. Rd1+ Ke7 30. Rd6 Nb4 31. cxb6 axb6 32. Rxb6 Nd3+ 33.
Kd2 Nxf4 34. Ne5 Kd8 35. Ng6 Nxh5 36. Nf8 Ra7 37. Nxe6+ Ke7 38. a4 Ra5 39. Kc3
Re5 40. Nd4 Nf4 41. Nc6+ Kf8 42. Nxe5 Nd5+ 43. Kd4 Nxb6 44. Ng4 1-0

[Event "XXIV Corsicoscacchi Magistrale"]
[Site "Corsico ITA"]
[Date "2002.04.??"]
[Round "6"]
[White "Bison, Beniamino"]
[Black "Barberi, Alessandro"]
[Result "1-0"]
[WhiteElo "2167"]
[BlackElo "2089"]
[PlyCount "59"]
[EventDate "2002.04.25"]

1. d4 g6 2. c4 Bg7 3. Nc3 d6 4. g3 Nc6 5. d5 Nb8 6. Bg2 e5 7. e4 Ne7 8. Be3 O-O
9. Qd2 c6 10. Nge2 cxd5 11. cxd5 Na6 12. O-O Bd7 13. Rab1 Nc8 14. Rfc1 Nb6 15.
b3 Nc5 16. Nd1 f5 17. f3 f4 18. gxf4 exf4 19. Nxf4 Be5 20. Ne2 Qh4 21. f4 Bh3
22. Bxh3 Nxe4 23. Be6+ Kg7 24. Qd3 Ng5 25. Kg2 Nxe6 26. dxe6 Qg4+ 27. Ng3 Bxf4
28. Rc7+ Kh6 29. Qd4 Rae8 30. Nf2 1-0

[Event "XXIV Corsicoscacchi Magistrale"]
[Site "Corsico ITA"]
[Date "2002.04.??"]
[Round "6"]
[White "Bonazzi, Edoardo"]
[Black "Luciani, Valerio"]
[Result "1-0"]
[WhiteElo "2127"]
[BlackElo "2153"]
[PlyCount "101"]
[EventDate "2002.04.25"]

1. e4 d6 2. c4 e5 3. Nc3 c5 4. g3 Nc6 5. Bg2 f5 6. d3 Nf6 7. Nge2 Be7 8. O-O
O-O 9. a3 Qe8 10. Nd5 Bd8 11. Nec3 a6 12. Rb1 Rb8 13. b4 cxb4 14. axb4 b5 15.
f4 Nxd5 16. exd5 Nd4 17. fxe5 dxe5 18. Be3 Qg6 19. Bxd4 exd4 20. Ne2 Qf6 21.
Nf4 Kh8 22. Re1 a5 23. Ne6 Rg8 24. c5 axb4 25. Qd2 Ba5 26. Qf4 Ra8 27. Qxd4 b3
28. Qxf6 gxf6 29. Rf1 Bc3 30. Rxb3 b4 31. Rfb1 f4 32. Rxc3 bxc3 33. Nxf4 Ra2
34. Rc1 c2 35. Kf2 Bg4 36. Bf3 Bxf3 37. Kxf3 Kg7 38. Ne6+ Kf7 39. Ke3 h5 40.
Kd2 h4 41. Rxc2 Rxc2+ 42. Kxc2 Rxg3 43. hxg3 h3 44. c6 Ke7 45. c7 Kd7 46. Nc5+
Kxc7 47. Ne4 h2 48. Nf2 Kd6 49. Kd2 Kxd5 50. Ke3 Kc5 51. Kf3 1-0

[Event "XXIV Corsicoscacchi Magistrale"]
[Site "Corsico ITA"]
[Date "2002.04.??"]
[Round "6"]
[White "Cereda, Loris"]
[Black "Aglietti, Graziano"]
[Result "0-1"]
[WhiteElo "1962"]
[BlackElo "2078"]
[PlyCount "62"]
[EventDate "2002.04.25"]

1. e4 e6 2. f4 d5 3. e5 c5 4. Bb5+ Bd7 5. Bxd7+ Qxd7 6. d3 Nc6 7. Nf3 Nh6 8.
O-O Be7 9. Nc3 O-O-O 10. a3 f6 11. b4 cxb4 12. axb4 Bxb4 13. Nb5 a6 14. c3 Be7
15. Nbd4 Nxd4 16. cxd4 Rde8 17. Bd2 Kb8 18. Qb3 Ka8 19. Rfb1 Rc8 20. Bb4 Bxb4
21. Qxb4 Rc6 22. Nd2 fxe5 23. fxe5 Rc2 24. Nb3 Qf7 25. Rf1 Qg6 26. g3 Qh5 27.
Nd2 Ng4 28. h4 Ne3 29. Rfb1 Qf7 30. Qb6 Rhc8 31. Qb4 h6 0-1

[Event "XXIV Corsicoscacchi Magistrale"]
[Site "Corsico ITA"]
[Date "2002.04.??"]
[Round "6"]
[White "Kidane, Robel"]
[Black "Bertazzo, Giorgio"]
[Result "1/2-1/2"]
[WhiteElo "1758"]
[BlackElo "2139"]
[PlyCount "34"]
[EventDate "2002.04.25"]

1. d4 Nf6 2. c4 c5 3. Nf3 e6 4. Nc3 cxd4 5. Nxd4 Nc6 6. e3 Be7 7. Bd3 O-O 8.
O-O a6 9. f4 Nxd4 10. exd4 d5 11. c5 b6 12. b4 a5 13. Na4 bxc5 14. bxc5 g6 15.
Nb6 Ra7 16. a4 Ba6 17. Bb5 Qc7 1/2-1/2

[Event "XXIV Corsicoscacchi Magistrale"]
[Site "Corsico ITA"]
[Date "2002.04.??"]
[Round "6"]
[White "Mazzariol, Oscar"]
[Black "Bozzali, Ermanno"]
[Result "1-0"]
[WhiteElo "1906"]
[BlackElo "2120"]
[PlyCount "103"]
[EventDate "2002.04.25"]

1. e4 c6 2. d4 g6 3. c4 Bg7 4. Nc3 d6 5. f4 e6 6. Nf3 Ne7 7. Be2 O-O 8. O-O d5
9. cxd5 exd5 10. e5 Bg4 11. a3 Nd7 12. Kh1 Nf5 13. Bd2 Re8 14. Ng1 Bxe2 15.
Ngxe2 h5 16. Rf3 Nf8 17. Na4 Ne6 18. Be1 a5 19. Rc1 Bf8 20. b4 axb4 21. Bxb4 b5
22. Nc5 Bxc5 23. Bxc5 Nxc5 24. Rxc5 Qd7 25. Qc1 Rec8 26. Rfc3 Ra4 27. Rxc6 Rxc6
28. Rxc6 Nxd4 29. Rc8+ Kg7 30. Qc3 Qxc8 31. Qxc8 Nxe2 32. g3 Rxa3 33. Qc5 Ra1+
34. Kg2 Ra2 35. Kf3 d4 36. Qe7 Ng1+ 37. Ke4 Rxh2 38. Qf6+ Kg8 39. Qd8+ Kh7 40.
Qe8 Kg7 41. Qxb5 h4 42. gxh4 Rxh4 43. Qb6 Rh5 44. Qxd4 Ne2 45. Qb2 Ng3+ 46. Kf3
Nf5 47. e6+ f6 48. Qb7+ Kh6 49. Qf7 Rh3+ 50. Kf2 Re3 51. Qxf6 Kh7 52. Qxf5 1-0

[Event "XXIV Corsicoscacchi Magistrale"]
[Site "Corsico ITA"]
[Date "2002.04.??"]
[Round "6"]
[White "Mazzini, Antonio"]
[Black "Damia, Angelo"]
[Result "1/2-1/2"]
[WhiteElo "2134"]
[BlackElo "1771"]
[PlyCount "48"]
[EventDate "2002.04.25"]

1. d4 d5 2. Nf3 Nf6 3. e3 e6 4. c4 c6 5. Bd3 Be7 6. O-O O-O 7. Nc3 Nbd7 8. e4
dxe4 9. Nxe4 Nxe4 10. Bxe4 Nf6 11. Bc2 h6 12. b3 c5 13. Bb2 Bd7 14. dxc5 Bc6
15. Qe2 Bxc5 16. Ne5 Rc8 17. a3 a5 18. Rfd1 Qe7 19. Nxc6 bxc6 20. Rd3 Rfe8 21.
a4 e5 22. Re1 e4 23. Rg3 Bb4 24. Bc3 Bxc3 1/2-1/2

[Event "XXIV Corsicoscacchi Magistrale"]
[Site "Corsico ITA"]
[Date "2002.04.??"]
[Round "6"]
[White "Podini, Francesco"]
[Black "Sbarra, Marco"]
[Result "0-1"]
[WhiteElo "2055"]
[BlackElo "2240"]
[PlyCount "100"]
[EventDate "2002.04.25"]

1. e4 e5 2. Bc4 Nf6 3. d4 exd4 4. Nf3 Nc6 5. e5 d5 6. Bb5 Ne4 7. Nxd4 Bd7 8.
Bxc6 bxc6 9. O-O Be7 10. f3 Nc5 11. f4 O-O 12. f5 Ne4 13. Nc3 c5 14. Nde2 Nxc3
15. bxc3 Bc6 16. Nf4 d4 17. Qg4 Kh8 18. Nh5 Rg8 19. Bd2 Rb8 20. Rab1 Rxb1 21.
Rxb1 Qc8 22. Qf4 Qd7 23. Ng3 Qd5 24. Qf2 Qxe5 25. Re1 Qd6 26. cxd4 cxd4 27. Bf4
Qd8 28. Ne4 Bxe4 29. Rxe4 Bf6 30. Qe2 Qd7 31. g4 g6 32. fxg6 Rxg6 33. h3 h5 34.
Re8+ Kg7 35. Be5 hxg4 36. Bxf6+ Rxf6 37. hxg4 Qd6 38. Re5 Rg6 39. Qe4 c5 40.
Qf5 d3 41. cxd3 Qd4+ 42. Kh1 Rxg4 43. Re1 c4 44. Rf1 Rh4+ 45. Kg2 Qg4+ 46.
Qxg4+ Rxg4+ 47. Kf3 Rd4 48. dxc4 Rxc4 49. Rf2 Ra4 50. Ke3 Kg6 0-1

[Event "XXIV Corsicoscacchi Magistrale"]
[Site "Corsico ITA"]
[Date "2002.04.??"]
[Round "6"]
[White "Radice, Luca"]
[Black "Zanetti, Alberto"]
[Result "1-0"]
[WhiteElo "2054"]
[BlackElo "2007"]
[PlyCount "99"]
[EventDate "2002.04.25"]

1. d4 Nf6 2. c4 e6 3. Nc3 Bb4 4. e3 O-O 5. Bd3 d5 6. Nf3 c5 7. a3 cxd4 8. exd4
Be7 9. O-O dxc4 10. Bxc4 Nbd7 11. Qe2 Nb6 12. Bd3 Bd7 13. Be3 Bc6 14. Ne5 Rc8
15. Rad1 Nbd5 16. Nxc6 Rxc6 17. Ne4 Nxe4 18. Bxe4 f5 19. Bb1 Qd6 20. Qh5 Bf6
21. Bg5 Bxg5 22. Qxg5 Rf6 23. g3 Rf8 24. Rfe1 Rd8 25. Rxe6 Qxe6 26. Qxd8+ Kf7
27. Ba2 Rd6 28. Qa5 Kf6 29. Re1 Qd7 30. Qxa7 f4 31. Bxd5 Rxd5 32. Re4 f3 33.
Rf4+ Rf5 34. Qb6+ Qe6 35. Qxe6+ Kxe6 36. d5+ Ke5 37. Rxf5+ Kxf5 38. d6 Ke6 39.
d7 Kxd7 40. Kf1 Kc6 41. Ke1 Kd5 42. b3 g5 43. h3 Kd4 44. Kd2 h5 45. Kc2 g4 46.
hxg4 hxg4 47. Kd2 b5 48. Kc2 Kd5 49. Kd3 Kc5 50. Ke4 1-0

[Event "XXIV Corsicoscacchi Magistrale"]
[Site "Corsico ITA"]
[Date "2002.04.??"]
[Round "6"]
[White "Rossi, Giampiero"]
[Black "Sartorio, Diego"]
[Result "1-0"]
[WhiteElo "2065"]
[BlackElo "2050"]
[PlyCount "79"]
[EventDate "2002.04.25"]

1. d4 d5 2. c4 e6 3. Nc3 c6 4. e3 f5 5. Nf3 Bd6 6. Bd3 Nh6 7. Qe2 Nd7 8. Bd2
O-O 9. O-O Nf6 10. Rfc1 Nf7 11. Rab1 Bd7 12. b4 dxc4 13. Bxc4 b5 14. Bd3 Qe7
15. a3 Kh8 16. e4 fxe4 17. Nxe4 Nxe4 18. Qxe4 g6 19. Bf4 Bxf4 20. Qxf4 Nd6 21.
Qe5+ Kg8 22. Qc5 Nf5 23. Bxf5 Qxc5 24. Bxe6+ Bxe6 25. Rxc5 Bd5 26. Ne5 Rac8 27.
Rbc1 Rfe8 28. f3 Red8 29. Nxc6 Bxc6 30. Rxc6 Rxc6 31. Rxc6 Rxd4 32. Rc8+ Kg7
33. Rc7+ Kh6 34. Rxa7 Rd3 35. Kf2 g5 36. h3 Kg6 37. Ra5 Rd2+ 38. Kg3 Ra2 39.
Rxb5 Rxa3 40. h4 1-0

[Event "XXIV Corsicoscacchi Magistrale"]
[Site "Corsico ITA"]
[Date "2002.04.??"]
[Round "6"]
[White "Ubezio, Marco"]
[Black "Barlocco, Carlo"]
[Result "1/2-1/2"]
[WhiteElo "2189"]
[BlackElo "2129"]
[PlyCount "93"]
[EventDate "2002.04.25"]

1. d4 d5 2. Bg5 h6 3. Bh4 c6 4. Nf3 Qb6 5. b3 Nd7 6. Bg3 Ngf6 7. e3 e6 8. Bd3
Be7 9. O-O O-O 10. Nbd2 Nh5 11. Bh4 Qd8 12. Bxe7 Qxe7 13. Ne5 Nhf6 14. f4 Ne8
15. Qh5 f5 16. g4 Nef6 17. Qh4 Qb4 18. Ndf3 Nxe5 19. Nxe5 Nxg4 20. Nxg4 fxg4
21. h3 gxh3 22. Rf3 Rf6 23. Rg3 Qe7 24. Kh2 Kh8 25. Rag1 Bd7 26. Qh5 Raf8 27.
Qe5 Be8 28. c4 a6 29. e4 dxc4 30. bxc4 Qa3 31. Rxg7 Qxd3 32. Rg8+ Rxg8 33.
Qxf6+ Kh7 34. Qe7+ Kh8 35. Rxg8+ Kxg8 36. Qxe8+ Kg7 37. Qe7+ Kg6 38. Qxe6+ Kg7
39. Qe5+ Kf7 40. Qf5+ Ke7 41. Qh7+ Kd8 42. Qh8+ Kd7 43. Qg7+ Kd8 44. Qf6+ Kc7
45. Qe5+ Kb6 46. a4 Qf3 47. Qc5+ 1/2-1/2

[Event "C.to Regionale Toscana"]
[Site "Firenze ITA"]
[Date "2002.04.??"]
[Round "5"]
[White "Koroveshi, Thoma"]
[Black "Rinaldi, Francesco Saverio"]
[Result "1-0"]
[WhiteElo "1978"]
[BlackElo "1830"]
[PlyCount "67"]
[EventDate "2002.04.25"]

1. c4 e5 2. g3 g6 3. Bg2 Bg7 4. Nc3 d6 5. Rb1 a5 6. a3 Nc6 7. d3 f5 8. b4 axb4
9. axb4 Nf6 10. Nf3 O-O 11. O-O Be6 12. b5 Nd4 13. Ng5 Bc8 14. e3 h6 15. exd4
exd4 16. Ne2 hxg5 17. Bxg5 Qe7 18. Nxd4 Qe5 19. Nf3 Qc5 20. Be3 Qa3 21. Bd4 Ng4
22. Ra1 Qxa1 23. Bxa1 Rxa1 24. Qe2 Ra3 25. h3 Ne5 26. Nxe5 Bxe5 27. c5 f4 28.
d4 f3 29. Qc4+ Kg7 30. dxe5 fxg2 31. Kxg2 dxe5 32. Qd5 Re8 33. Re1 Kf6 34. f4
1-0

[Event "C.to Regionale Toscana"]
[Site "Firenze ITA"]
[Date "2002.04.??"]
[Round "5"]
[White "Marmili, Giulio"]
[Black "Giorgetti, Alberto"]
[Result "0-1"]
[WhiteElo "1807"]
[BlackElo "2133"]
[PlyCount "120"]
[EventDate "2002.04.25"]

1. c4 e5 2. Nc3 d6 3. g3 g6 4. Bg2 Bg7 5. e3 Nc6 6. Nge2 f5 7. O-O Nf6 8. Nd5
Ne7 9. Nxf6+ Bxf6 10. Nc3 c6 11. b3 O-O 12. Bb2 Bg7 13. Ne2 Qc7 14. d4 Kh8 15.
dxe5 dxe5 16. Qc2 Be6 17. Rad1 Rfd8 18. Qc3 Ng8 19. Nc1 Bf6 20. Qc2 Kg7 21. Nd3
e4 22. Nc5 Kf7 23. Bh3 Bxb2 24. Qxb2 Nf6 25. Qc3 b6 26. Na6 Qb7 27. Nb4 c5 28.
Nc2 Qc7 29. Qa1 Rxd1 30. Rxd1 Rd8 31. Ne1 Rd7 32. Bf1 Qd8 33. Be2 Rxd1 34. Qxd1
Qxd1 35. Bxd1 Nd7 36. Kf1 Ne5 37. Ke2 Nc6 38. Kd2 Kf6 39. Kc3 h6 40. a3 a5 41.
Be2 g5 42. Nc2 Ne5 43. b4 axb4+ 44. axb4 Nc6 45. b5 Ne5 46. Ne1 Bf7 47. Ng2 Be6
48. Ne1 Nf7 49. Ng2 Nd6 50. Ne1 Bf7 51. Nc2 Ke5 52. h4 Kf6 53. hxg5+ hxg5 54.
Ne1 Kg6 55. Ng2 Kh6 56. Ne1 Bh5 57. Bf1 Bf3 58. Kd2 Kh5 59. Nxf3 exf3 60. Bd3
Kg4 0-1

[Event "VIII Torneo Leonardo di Bona A"]
[Site "Cutro ITA"]
[Date "2002.04.24"]
[Round "1"]
[White "Abatino, Maurizio"]
[Black "Ristic, Nenad"]
[Result "0-1"]
[WhiteElo "2225"]
[BlackElo "2464"]
[PlyCount "74"]
[EventDate "2002.04.24"]

1. d4 Nf6 2. c4 c5 3. e3 g6 4. Nc3 Bg7 5. Nf3 O-O 6. Be2 d5 7. cxd5 Nxd5 8. Qb3
Nxc3 9. bxc3 Nc6 10. O-O b6 11. Ba3 Na5 12. Qc2 Qc7 13. Rac1 Be6 14. c4 cxd4
15. Nxd4 Bxd4 16. exd4 Rac8 17. c5 Bd5 18. Qd2 Qb7 19. f3 Rfd8 20. Rfd1 e6 21.
Bf1 Nc6 22. Rb1 e5 23. Qg5 Bxa2 24. Rb2 Be6 25. cxb6 Nxd4 26. Kh1 Rd5 27. Qf6
axb6 28. Rbd2 Qd7 29. h4 h5 30. Be7 Re8 31. Bb4 Qa4 32. Bc3 Red8 33. f4 Qa3 34.
Bb2 Qe3 35. fxe5 Nf5 36. Qxd8+ Rxd8 37. Rxd8+ Kh7 0-1

[Event "VIII Torneo Leonardo di Bona A"]
[Site "Cutro ITA"]
[Date "2002.04.24"]
[Round "1"]
[White "Chatalbashev, Boris"]
[Black "Vasilev, Milen"]
[Result "0-1"]
[WhiteElo "2537"]
[BlackElo "2424"]
[PlyCount "93"]
[EventDate "2002.04.24"]

1. d4 Nf6 2. Nf3 e6 3. Bg5 c5 4. e3 Qb6 5. Nbd2 d5 6. Bxf6 gxf6 7. c4 cxd4 8.
exd4 dxc4 9. Bxc4 Nc6 10. O-O Be7 11. d5 exd5 12. Bxd5 Be6 13. Bxe6 fxe6 14.
Qe2 e5 15. Nc4 Qc7 16. Rad1 O-O 17. Ne3 Rae8 18. Qc4+ Kh8 19. Nh4 Qb6 20. Nhf5
Nd4 21. Nxd4 exd4 22. Rxd4 Bc5 23. Nd5 Qc6 24. Rh4 Rg8 25. Qd3 Rg7 26. b4 Rd8
27. Rd1 Bb6 28. g3 Qe6 29. Kg2 Rgd7 30. Rh5 Bc7 31. Qc2 Qf7 32. Rf5 Rxd5 33.
Rdxd5 Rxd5 34. Qc4 Rd7 35. Qc5 a6 36. Qc3 Be5 37. Qc8+ Kg7 38. f4 Qxa2+ 39. Kf3
Qd5+ 40. Kg4 Qd1+ 41. Kh4 Kg6 42. Rxe5 fxe5 43. Qe8+ Kg7 44. Qxe5+ Kf7 45. Qf5+
Ke8 46. Qe5+ Re7 47. Qb8+ 0-1

[Event "VIII Torneo Leonardo di Bona A"]
[Site "Cutro ITA"]
[Date "2002.04.24"]
[Round "1"]
[White "De Vreugt, Dennis"]
[Black "Van Hoolandt, Patrick"]
[Result "1-0"]
[WhiteElo "2457"]
[BlackElo "2157"]
[PlyCount "87"]
[EventDate "2002.04.24"]

1. e4 e5 2. Nf3 Nc6 3. Bb5 Nf6 4. O-O Bc5 5. c3 O-O 6. d4 Bb6 7. Bg5 h6 8. Bh4
d6 9. Qd3 Qe7 10. Nbd2 Nb8 11. Nc4 c6 12. Nxb6 axb6 13. Bc4 Nbd7 14. Rfe1 Re8
15. Bg3 Nh5 16. Nh4 Nf8 17. Qf3 Nxg3 18. hxg3 exd4 19. cxd4 Ra4 20. b3 Ra5 21.
b4 Rg5 22. Qc3 Rg4 23. Bd3 Qf6 24. e5 dxe5 25. dxe5 Qe7 26. a3 Rd8 27. Be4 Qg5
28. Nf3 Qe7 29. Nh2 Rxe4 30. Rxe4 Be6 31. Rc1 b5 32. Nf1 Nd7 33. Ne3 Ra8 34. g4
Nb6 35. Qc5 Qxc5 36. bxc5 Nd7 37. Rc3 g6 38. f4 Ba2 39. Rd4 Nf8 40. Rd2 Bb1 41.
Rb2 Be4 42. Rb4 Ra4 43. Rxa4 bxa4 44. Rc4 1-0

[Event "VIII Torneo Leonardo di Bona A"]
[Site "Cutro ITA"]
[Date "2002.04.24"]
[Round "1"]
[White "Djuric, Stefan"]
[Black "Isonzo, David"]
[Result "1/2-1/2"]
[WhiteElo "2489"]
[BlackElo "2360"]
[PlyCount "34"]
[EventDate "2002.04.24"]

1. c4 g6 2. g3 c5 3. Nf3 Bg7 4. d4 cxd4 5. Nxd4 Nc6 6. Nc2 d6 7. Bg2 Nf6 8. O-O
O-O 9. Nc3 Bd7 10. h3 Rc8 11. Be3 Qa5 12. Nd5 Nxd5 13. cxd5 Nb8 14. Nd4 Na6 15.
a3 Nc7 16. Qd3 Nb5 17. Rfc1 Qa4 1/2-1/2

[Event "VIII Torneo Leonardo di Bona A"]
[Site "Cutro ITA"]
[Date "2002.04.24"]
[Round "1"]
[White "Estremera Panos, Sergio"]
[Black "Del Rio Angelis, Salvador Gabriel"]
[Result "0-1"]
[WhiteElo "2377"]
[BlackElo "2495"]
[PlyCount "86"]
[EventDate "2002.04.24"]

1. d4 Nf6 2. c4 e6 3. Nc3 Bb4 4. e3 O-O 5. Bd3 d5 6. Nf3 c5 7. O-O dxc4 8. Bxc4
Qe7 9. a3 Ba5 10. Qc2 Bd7 11. Rd1 cxd4 12. exd4 Rc8 13. Qe2 Bxc3 14. bxc3 Ba4
15. Re1 Nbd7 16. Bb2 Nb6 17. Ba2 Bc6 18. c4 Bxf3 19. Qxf3 Nxc4 20. Bxc4 Rxc4
21. d5 Rc2 22. Bxf6 Qxf6 23. Qxf6 gxf6 24. dxe6 Re8 25. exf7+ Kxf7 26. Rxe8
Kxe8 27. g3 Kd7 28. Rb1 Kc6 29. Rb4 a5 30. Rh4 b5 31. Rxh7 b4 32. axb4 axb4 33.
Rh8 Rc5 34. h4 b3 35. Rb8 Rb5 36. Rc8+ Kd5 37. Rc1 Ke4 38. Kg2 b2 39. Rb1 Kd3
40. g4 Kc2 41. Rxb2+ Rxb2 42. h5 Kd3 43. Kf3 Kd4 0-1

[Event "VIII Torneo Leonardo di Bona A"]
[Site "Cutro ITA"]
[Date "2002.04.24"]
[Round "1"]
[White "Georgiev, Vladimir"]
[Black "Todorov, Ognjan"]
[Result "1-0"]
[WhiteElo "2502"]
[BlackElo "2381"]
[PlyCount "59"]
[EventDate "2002.04.24"]

1. d4 d5 2. c4 dxc4 3. e3 e5 4. Bxc4 exd4 5. exd4 Nf6 6. Nf3 Bd6 7. O-O O-O 8.
Nc3 Nc6 9. h3 h6 10. Be3 Bf5 11. Nh4 Bh7 12. a3 Be7 13. Nf3 Bd6 14. Re1 Qd7 15.
d5 Ne5 16. Nxe5 Bxe5 17. Bc5 Bd6 18. Bd4 Qf5 19. Re3 Qg5 20. Qf3 a5 21. Rae1 b6
22. Nb5 Rad8 23. Nxd6 Rxd6 24. Be5 Rd7 25. Qd1 Bg6 26. f4 Qh4 27. Bb5 Rdd8 28.
Bc6 Nxd5 29. Bxd5 c6 30. g3 1-0

[Event "VIII Torneo Leonardo di Bona A"]
[Site "Cutro ITA"]
[Date "2002.04.24"]
[Round "1"]
[White "Ivanov, Jordan"]
[Black "Janev, Evgeni"]
[Result "1/2-1/2"]
[WhiteElo "2411"]
[BlackElo "2521"]
[PlyCount "25"]
[EventDate "2002.04.24"]

1. c4 Nf6 2. Nc3 c5 3. Nf3 Nc6 4. g3 g6 5. Bg2 Bg7 6. O-O d6 7. d4 cxd4 8. Nxd4
Bd7 9. b3 O-O 10. Bb2 a6 11. Nd5 Nxd5 12. cxd5 Nxd4 13. Qxd4 1/2-1/2

[Event "VIII Torneo Leonardo di Bona A"]
[Site "Cutro ITA"]
[Date "2002.04.24"]
[Round "1"]
[White "Korneev, Oleg"]
[Black "Bagaturov, Giorgi"]
[Result "1-0"]
[WhiteElo "2599"]
[BlackElo "2434"]
[PlyCount "72"]
[EventDate "2002.04.24"]

1. e4 c5 2. Nf3 Nc6 3. d4 cxd4 4. Nxd4 e6 5. Nb5 Nf6 6. N1c3 Bb4 7. a3 Bxc3+ 8.
Nxc3 d5 9. exd5 exd5 10. Bd3 O-O 11. O-O d4 12. Ne2 Bg4 13. Bg5 Qd6 14. Re1
Rfe8 15. Bh4 Bh5 16. Qd2 Ne4 17. Bxe4 Rxe4 18. Bg3 Qc5 19. Nf4 Bg6 20. Nxg6
Rxe1+ 21. Rxe1 hxg6 22. Qd3 a5 23. Bf4 a4 24. h3 Rd8 25. b4 axb3 26. Qxb3 b5
27. Rb1 Rd5 28. Qd3 Rf5 29. Bd2 Ne5 30. Qe4 d3 31. Be3 Qxc2 32. Rxb5 Qc3 33.
Rb8+ Kh7 34. Qh4+ Rh5 35. Qd8 g5 36. Qg8+ Kg6 1-0

[Event "VIII Torneo Leonardo di Bona A"]
[Site "Cutro ITA"]
[Date "2002.04.24"]
[Round "1"]
[White "Skembris, Spyridon"]
[Black "Zelcic, Robert"]
[Result "1/2-1/2"]
[WhiteElo "2429"]
[BlackElo "2547"]
[PlyCount "114"]
[EventDate "2002.04.24"]

1. d4 Nf6 2. c4 e6 3. Nf3 d5 4. Nc3 c5 5. cxd5 Nxd5 6. e4 cxd4 7. Bb5+ Bd7 8.
exd5 dxc3 9. dxe6 fxe6 10. Bxd7+ Qxd7 11. Qb3 Nc6 12. O-O Bc5 13. Qxc3 Bd4 14.
Qb3 O-O 15. Be3 Bxe3 16. Qxe3 Rf5 17. Rfe1 Re8 18. Rad1 Rd5 19. Rxd5 Qxd5 20.
a3 e5 21. h3 h6 22. b4 Re7 23. Nd2 Rd7 24. Ne4 Qd3 25. Nc5 Qxe3 26. fxe3 Rc7
27. Rd1 Kf7 28. Rd6 a5 29. b5 Ne7 30. Nd3 e4 31. b6 Rc3 32. Ne5+ Ke8 33. Re6
Kf8 34. Nd7+ Ke8 35. Ne5 Rxe3 36. Nc4 Re2 37. Kf1 Ra2 38. Rxe4 Kd7 39. Nxa5 Nf5
40. Kg1 Rxa3 41. Nxb7 Kc6 42. Re5 Kxb7 43. Rxf5 Kxb6 44. Rf7 Rg3 45. Kf2 Rg6
46. g4 Kc6 47. Kg3 Kd6 48. h4 Ke5 49. Ra7 Rb6 50. Rxg7 Rb3+ 51. Kf2 Kf4 52. Rg6
Rf3+ 53. Kg2 Rg3+ 54. Kh2 Rxg4 55. Rf6+ Ke5 56. Rxh6 Kf5 57. Kh3 Ra4 1/2-1/2

[Event "VIII Torneo Leonardo di Bona A"]
[Site "Cutro ITA"]
[Date "2002.04.24"]
[Round "1"]
[White "Starostits, Ilmars"]
[Black "Blasco, Domenico"]
[Result "1-0"]
[WhiteElo "2438"]
[BlackElo "2037"]
[PlyCount "87"]
[EventDate "2002.04.24"]

1. e4 Nf6 2. e5 Nd5 3. d4 d6 4. Nf3 dxe5 5. Nxe5 g6 6. Bc4 c6 7. O-O Bg7 8. Bb3
O-O 9. Qe2 Be6 10. c4 Nb6 11. Rd1 N8d7 12. Nf3 Nf6 13. Nc3 h6 14. Ne5 Bc8 15.
h3 e6 16. Bf4 Qe7 17. Qe3 Kh7 18. Re1 Rd8 19. Rad1 Bd7 20. g4 Ng8 21. Qg3 Be8
22. Ne4 Qb4 23. Nd3 Qf8 24. Bd6 Ne7 25. Ndc5 Nbc8 26. Nxb7 Nxd6 27. Nexd6 Rd7
28. Nc5 Rdd8 29. Bc2 Ng8 30. Ncb7 Rd7 31. Be4 Ne7 32. Na5 Rad8 33. c5 Rb8 34.
b3 Rb4 35. Nxe8 Qxe8 36. Nxc6 Nxc6 37. Bxc6 Qd8 38. Bxd7 Qxd7 39. Qd6 Qxd6 40.
cxd6 Rb6 41. d5 e5 42. Rc1 Rxd6 43. Red1 Rd7 44. d6 1-0